[Event "4NCL 2009-10"]
[Site "Sunningdale ENG"]
[Date "2010.03.27"]
[Round "7"]
[White "Conquest,S"]
[Black "Spence,D"]
[Result "1-0"]
[WhiteElo "2563"]
[BlackElo "2252"]
[EventDate "2009.10.24"]

1. d4 e6 2. c4 Nf6 3. Nf3 b6 4. Nc3 d5 5. cxd5 Nxd5 6. e4 Nxc3 7. bxc3 Bb7
8. Bb5+ c6 9. Bd3 Be7 10. O-O Nd7 11. Qe2 O-O 12. Bf4 c5 13. Rfd1 Qc8 14.
d5 exd5 15. exd5 Re8 16. Qc2 g6 17. c4 Bf6 18. Rab1 Ne5 19. Be2 Qd8 20. Rb3
Bc8 21. Qc1 Bd7 22. Ra3 Bf5 23. h3 h5 24. Ng5 Nd7 25. Re1 Nf8 26. Qd2 Qd7
27. Rd1 Bd4 28. Nf3 Bg7 29. Re1 Qe7 30. Re3 Qb7 31. Ne5 Nd7 32. Nc6 Kh7 33.
g4 g5 34. Bxg5 Rg8 35. Re7 hxg4 36. hxg4 Bf6 37. Bxf6 1-0

[Event "4NCL 2009-10"]
[Site "Sunningdale ENG"]
[Date "2010.03.27"]
[Round "7"]
[White "Swanson,S"]
[Black "King,D"]
[Result "1/2-1/2"]
[WhiteElo "2263"]
[BlackElo "2494"]
[EventDate "2009.10.24"]

1. e4 c5 2. Nf3 e6 3. d3 d5 4. Qe2 Nf6 5. g3 Be7 6. Bg2 Nc6 7. O-O O-O 8.
e5 Nd7 9. c4 dxc4 10. dxc4 Nd4 11. Nxd4 cxd4 12. Bf4 Qb6 13. Nd2 Qxb2 14.
Rfb1 Qa3 15. Nb3 Nc5 16. Nxd4 a6 17. Rd1 Bd7 18. Be3 Rab8 19. h4 Rfc8 20.
h5 Be8 21. Kh2 Na4 22. Rdc1 Nc5 23. Rd1 Qa5 24. Bf4 Rc7 25. Rac1 Rbc8 26.
Qg4 Bd8 27. Rd2 Kh8 28. Qe2 h6 29. Qe3 Na4 30. Rdc2 Qb6 31. Nb3 Qxe3 32.
Bxe3 Bc6 33. Bxc6 Rxc6 34. Rd1 R6c7 35. Ra1 Kg8 36. Kg2 f6 37. exf6 gxf6
38. c5 Kf7 39. Rc4 Nb6 40. Rg4 Nd5 41. Rd1 f5 42. Rxd5 fxg4 43. Rd4 1/2-1/2

[Event "4NCL 2009-10"]
[Site "Sunningdale ENG"]
[Date "2010.03.27"]
[Round "7"]
[White "Povah,N"]
[Black "Posazhennikov,A"]
[Result "1-0"]
[WhiteElo "2336"]
[BlackElo "2252"]
[EventDate "2009.10.24"]

1. d4 f5 2. Bg5 h6 3. Bh4 g5 4. Bg3 Bg7 5. e3 Nf6 6. Bd3 d6 7. c3 e6 8. Nd2
Qe7 9. h4 e5 10. hxg5 hxg5 11. Rxh8+ Bxh8 12. dxe5 dxe5 13. f3 Nc6 14. Qc2
e4 15. fxe4 Ng4 16. Nf1 Bd7 17. exf5 O-O-O 18. Qe2 Nce5 19. Bc2 Qc5 20.
O-O-O Nc4 21. Qxg4 Bxc3 22. Rd3 Bxb2+ 23. Kd1 Bf6 24. Ke2 Re8 25. Bb3 Nd6
26. Bxd6 cxd6 27. Qc4 Bb5 28. Qf7 Bxd3+ 29. Kxd3 Rd8 30. Qxf6 a5 31. Qc3 b5
32. Bd5 Kd7 33. Qxc5 dxc5 34. g4 Kd6 35. e4 Ke5 36. Ke3 c4 37. Nf3+ Kd6 38.
Kd4 Rc8 39. e5+ Ke7 40. Ne3 c3 41. Nc2 b4 42. f6+ Ke8 43. e6 a4 44. Ne5 b3
45. e7 1-0

[Event "4NCL 2009-10"]
[Site "Sunningdale ENG"]
[Date "2010.03.27"]
[Round "7"]
[White "Harley,A"]
[Black "Thompson,I"]
[Result "0-1"]
[WhiteElo "2204"]
[BlackElo "2266"]
[EventDate "2009.10.24"]

1. e4 e6 2. d4 d5 3. Nc3 Bb4 4. e5 Ne7 5. a3 Bxc3+ 6. bxc3 b6 7. Qg4 Ng6 8.
Bb5+ c6 9. Bd3 Ba6 10. Nf3 Bxd3 11. cxd3 c5 12. O-O Nc6 13. a4 cxd4 14.
Nxd4 Ncxe5 15. Qe2 O-O 16. f4 Nd7 17. f5 exf5 18. Nxf5 Nc5 19. Qh5 f6 20.
Rf3 Qe8 21. Re3 Ne5 22. Qxe8 Raxe8 23. d4 Nb3 24. Rb1 Nxc1 25. dxe5 Rxe5
26. Rxc1 Rxf5 27. Re7 Rc8 28. Rce1 Rxc3 29. Rxa7 Re5 30. Rb1 Rc2 31. h4
Ree2 32. Rxb6 Rxg2+ 33. Kf1 h5 34. Rd6 Rcf2+ 35. Ke1 Ra2 36. Kf1 Rgf2+ 37.
Kg1 Rfd2 0-1

[Event "4NCL 2009-10"]
[Site "Sunningdale ENG"]
[Date "2010.03.27"]
[Round "7"]
[White "Anderton,M"]
[Black "Rosen,D"]
[Result "1-0"]
[WhiteElo "2232"]
[BlackElo "2145"]
[EventDate "2009.10.24"]

1. e4 g6 2. d4 Bg7 3. Nc3 d6 4. Bg5 Nd7 5. Qd2 a6 6. f4 c5 7. Nf3 cxd4 8.
Nxd4 Nc5 9. O-O-O Nf6 10. Qe1 Bg4 11. e5 dxe5 12. fxe5 Nd5 13. Nf3 Be6 14.
Bc4 Nxc3 15. Rxd8+ Rxd8 16. Qxc3 Ne4 17. Qb3 Nxg5 18. Nxg5 Bh6 19. h4 1-0

[Event "4NCL 2009-10"]
[Site "Sunningdale ENG"]
[Date "2010.03.27"]
[Round "7"]
[White "Meyer,Go"]
[Black "Hutchinson,N"]
[Result "1-0"]
[WhiteElo "2165"]
[BlackElo "2096"]
[EventDate "2009.10.24"]

1. e4 c6 2. c4 d5 3. exd5 cxd5 4. cxd5 Nf6 5. Nc3 Nxd5 6. Nf3 Nc6 7. Bb5 e6
8. O-O Bd6 9. Qa4 Bd7 10. Nxd5 exd5 11. Re1+ Kf8 12. b3 a6 13. Ba3 Qf6 14.
Bxc6 Bxc6 15. Bxd6+ Qxd6 16. Qh4 h6 17. Re3 g5 18. Nxg5 Rg8 19. Ne6+ fxe6
20. Qf6+ Ke8 21. Rxe6+ Qxe6 22. Qxe6+ Kf8 23. Qf6+ 1-0

[Event "4NCL 2009-10"]
[Site "Sunningdale ENG"]
[Date "2010.03.27"]
[Round "7"]
[White "Wells,P"]
[Black "Slavin,A"]
[Result "1/2-1/2"]
[WhiteElo "2489"]
[BlackElo "2331"]
[EventDate "2009.10.24"]

1. d4 Nf6 2. Nf3 e6 3. g3 b5 4. Bg2 Bb7 5. O-O c5 6. Na3 a6 7. c4 bxc4 8.
Nxc4 cxd4 9. Bd2 a5 10. Rc1 Be7 11. Qb3 Bd5 12. Nxd4 O-O 13. Bxd5 Nxd5 14.
Qb7 Ra6 15. Rfd1 f5 16. Nxf5 Bc5 17. e4 Nf6 18. Be3 Ra7 19. Qb3 Nxe4 20.
Ncd6 a4 21. Qd3 Nxf2 22. Bxf2 Bxf2+ 23. Kxf2 Qf6 24. Rc8 Ra5 25. Rxf8+ Qxf8
26. Kg2 exf5 27. Qc4+ Kh8 28. Nf7+ Kg8 29. Nd6+ Kh8 30. Nf7+ Kg8 31. Nh6+
1/2-1/2

[Event "4NCL 2009-10"]
[Site "Sunningdale ENG"]
[Date "2010.03.27"]
[Round "7"]
[White "Cumbers,P"]
[Black "McNab,C"]
[Result "0-1"]
[WhiteElo "2218"]
[BlackElo "2466"]
[EventDate "2009.10.24"]

1. d4 d6 2. Nf3 g6 3. c4 Bg7 4. Nc3 c6 5. e4 Bg4 6. Be3 Bxf3 7. Qxf3 Qb6 8.
O-O-O Nd7 9. g4 c5 10. e5 cxd4 11. Bxd4 Nxe5 12. Qg3 Qc6 13. f4 Qxh1 14.
Bg2 Nd3+ 15. Qxd3 Qxg2 16. Bxg7 Qxg4 17. Bxh8 Qxf4+ 18. Kb1 Rc8 19. Bd4 a6
20. Rf1 Qg4 21. Nd5 e5 22. Nb6 Rc6 23. Be3 Ne7 24. c5 dxc5 25. Nc4 Qe6 26.
Bg5 b5 27. Rd1 f6 28. Nd6+ Rxd6 29. Qxd6 Qxd6 30. Rxd6 fxg5 31. Rxa6 Kd7
32. Rf6 g4 33. Kc2 h5 34. Kd3 Nd5 35. Rf7+ Ke6 36. Rb7 h4 37. Rxb5 h3 38.
Rb8 Nf4+ 39. Ke3 g3 40. hxg3 h2 41. gxf4 exf4+ 42. Kxf4 h1=Q 43. Rb6+ Kf7
44. a3 Qh4+ 45. Kf3 g5 46. Rb7+ Kf6 47. Rb6+ Kf5 48. Rb5 Qf4+ 49. Kg2 Qd2+
0-1

[Event "4NCL 2009-10"]
[Site "Sunningdale ENG"]
[Date "2010.03.27"]
[Round "7"]
[White "Gayson,P"]
[Black "Birtwistle,N"]
[Result "0-1"]
[WhiteElo "2240"]
[BlackElo "2179"]
[EventDate "2009.10.24"]

1. e4 c5 2. Nf3 g6 3. d4 cxd4 4. Nxd4 Nc6 5. Nc3 Bg7 6. Be3 Nf6 7. Bc4 O-O
8. Bb3 Qa5 9. O-O d6 10. h3 Qh5 11. Qxh5 Nxh5 12. Rad1 Bd7 13. Nd5 Nf6 14.
Nxc6 Nxd5 15. Bg5 bxc6 16. exd5 Rfe8 17. Rfe1 Kf8 18. Ba4 Rac8 19. Bd2 Bd4
20. Bh6+ Bg7 21. Bd2 Bd4 22. Re4 Bxb2 23. Rb1 Ba3 24. Bh6+ Kg8 25. dxc6
Bxc6 26. Bxc6 Rxc6 27. Rxe7 Rcc8 28. Rxa7 Bc5 29. Rd7 Re2 30. Be3 Bxe3 31.
fxe3 Rcxc2 32. Rxd6 Rxg2+ 33. Kf1 Rxa2 34. Rd7 Rh2 35. Kg1 Rxh3 36. Rf1
Rxe3 37. Rdxf7 Ree2 38. Rf8+ Kg7 0-1

[Event "4NCL 2009-10"]
[Site "Sunningdale ENG"]
[Date "2010.03.27"]
[Round "7"]
[White "Walton,A"]
[Black "Townsend,M"]
[Result "1/2-1/2"]
[WhiteElo "2147"]
[BlackElo "2222"]
[EventDate "2009.10.24"]

1. d4 e6 2. e4 d5 3. e5 c5 4. c3 Nc6 5. Nf3 Bd7 6. a3 f6 7. Bd3 cxd4 8.
cxd4 Nh6 9. exf6 Qxf6 10. Bg5 Qf7 11. Nc3 Nf5 12. Nb5 Rc8 13. Rc1 Be7 14.
g4 Nd6 15. Nxd6+ Bxd6 16. Be3 g6 17. h4 Bf4 18. h5 O-O 19. hxg6 hxg6 20.
Be2 e5 21. Nxe5 Nxe5 22. Rxc8 Bxc8 23. dxe5 Bxe3 24. fxe3 Qf2+ 25. Kd2 Bxg4
26. Re1 Qg2 27. Qc2 Kg7 28. Kd1 Rc8 29. Qb3 Rc7 30. Bxg4 Qxg4+ 31. Re2 Qg1+
32. Re1 Qg4+ 33. Re2 Qe4 34. Rd2 Qh1+ 35. Ke2 Qg2+ 36. Kd3 Qe4+ 37. Ke2
Qg2+ 38. Kd3 Qe4+ 39. Ke2 Qg4+ 40. Kd3 Qf5+ 41. Ke2 Rc1 42. Rxd5 Qf1+ 43.
Kd2 Qe1+ 44. Kd3 Rd1+ 45. Kc4 Qf1+ 46. Kb4 Qf8+ 1/2-1/2

[Event "4NCL 2009-10"]
[Site "Sunningdale ENG"]
[Date "2010.03.27"]
[Round "7"]
[White "Turner,Ma"]
[Black "Cobb,J"]
[Result "1/2-1/2"]
[WhiteElo "2508"]
[BlackElo "2415"]
[EventDate "2009.10.24"]

1. e4 e6 2. d3 d5 3. f4 dxe4 4. dxe4 Qxd1+ 5. Kxd1 Nf6 6. Bd3 Nc6 7. Nf3 e5
8. h3 exf4 9. Bxf4 Bd6 10. Bxd6 cxd6 11. Nc3 Be6 12. Kd2 O-O-O 13. Rhf1
Rhe8 14. Rae1 h6 15. e5 Nxe5 16. Nxe5 dxe5 17. Rxe5 Nd7 18. Rb5 f6 19. b3
Ne5 20. Rf4 Re7 21. Ne4 Bd5 22. Rc5+ Kb8 23. Kc1 Bc6 24. Rc3 Ng6 25. Rg4
Ne5 26. Rf4 Ng6 27. Rg4 1/2-1/2

[Event "4NCL 2009-10"]
[Site "Sunningdale ENG"]
[Date "2010.03.27"]
[Round "7"]
[White "Morris,Ch"]
[Black "Devereaux,M"]
[Result "1-0"]
[WhiteElo "2189"]
[BlackElo "2387"]
[EventDate "2009.10.24"]

1. c4 e6 2. g3 Nf6 3. Bg2 d5 4. Nf3 Be7 5. O-O O-O 6. b3 c5 7. Bb2 Nc6 8.
e3 d4 9. exd4 cxd4 10. Re1 Ne8 11. d3 f6 12. a3 a5 13. Nbd2 e5 14. Nh4 Nc7
15. f4 exf4 16. gxf4 Bd6 17. f5 Bf4 18. Re4 Be3+ 19. Kh1 Ne7 20. Nf1 Nxf5
21. Qh5 Bg5 22. Nxf5 Bxf5 23. Rxd4 Qe7 24. h4 g6 25. Qf3 Bh6 26. Ng3 Bc8
27. Re4 Qd6 28. Rae1 Ne6 29. d4 f5 30. Rxe6 Bxe6 31. d5 Bd2 32. Rxe6 Qd8
33. d6 Qxh4+ 34. Kg1 Rf7 35. Qd5 Bh6 36. d7 Raf8 37. Re8 Qxg3 38. Rxf8+
Bxf8 39. d8=Q Qe1+ 40. Kh2 1-0

[Event "4NCL 2009-10"]
[Site "Sunningdale ENG"]
[Date "2010.03.27"]
[Round "7"]
[White "Knott,S"]
[Black "Redmond,J"]
[Result "1/2-1/2"]
[WhiteElo "2348"]
[BlackElo "2196"]
[EventDate "2009.10.24"]

1. Nf3 f5 2. g3 Nf6 3. Bg2 g6 4. O-O Bg7 5. c4 O-O 6. Nc3 d6 7. d4 Nc6 8.
d5 Na5 9. Qa4 c5 10. dxc6 Nxc6 11. Rd1 Kh8 12. c5 d5 13. Bg5 Be6 14. Bxf6
Bxf6 15. e3 Qd7 16. Rd2 Rad8 17. Rad1 Bg8 18. Ne1 e6 19. Nd3 Qg7 20. Ne2 g5
21. b4 a6 22. f4 h6 23. Kh1 Bf7 24. Bf3 Bg6 25. Qb3 Qf7 26. a3 Rg8 27. Ne1
Rg7 28. Nd4 Nxd4 29. exd4 Rdg8 30. Ng2 Qd7 31. Re1 Rh7 32. Qe3 Bf7 33. Bd1
g4 34. Qf2 h5 35. Nh4 Rhg7 36. Re3 Qd8 37. Rdd3 Qd7 38. a4 Qd8 39. Qe1 Qd7
40. Kg1 Kh7 41. Kf1 Kh8 42. Qf2 Qc7 43. Re2 Ra8 44. Rc2 Be8 45. Rcc3 b5 46.
a5 Qc6 47. Ke1 Bf7 48. Kd2 Rc8 49. Be2 Qe8 50. Rc1 Qg8 51. Rh1 Rh7 52. Bd1
Qg7 53. Kc3 Qf8 54. Kc2 Qg7 55. Rd2 Qf8 56. Kd3 Qg8 57. Be2 Qg7 58. Qe3 Kg8
59. Bd1 Qf8 60. h3 Rg7 61. Rdh2 Bxh4 62. gxh4 Qe7 63. Kc3 Qf6 64. Bc2 Kh8
65. Qe5 Qxe5 66. dxe5 Be8 67. Rg1 Bc6 68. hxg4 hxg4 69. Rg3 Kh7 70. Kd4 Kh6
71. Bd3 1/2-1/2

[Event "4NCL 2009-10"]
[Site "Sunningdale ENG"]
[Date "2010.03.27"]
[Round "7"]
[White "James,Dav"]
[Black "Ferguson,M"]
[Result "0-1"]
[WhiteElo "2110"]
[BlackElo "2410"]
[EventDate "2009.10.24"]

1. Nf3 d5 2. d4 Nf6 3. c4 c6 4. Qc2 dxc4 5. Qxc4 g6 6. Bf4 Bg7 7. e3 Qb6 8.
Qb3 Be6 9. Qxb6 axb6 10. Nc3 Nd5 11. Nxd5 Bxd5 12. a3 O-O 13. Be2 c5 14.
Bxb8 Raxb8 15. Rd1 cxd4 16. exd4 Rbc8 17. Ne5 Rc2 18. Nd7 Bxg2 19. Rg1 Be4
20. f3 Bf5 21. d5 Bf6 0-1

[Event "4NCL 2009-10"]
[Site "Sunningdale ENG"]
[Date "2010.03.27"]
[Round "7"]
[White "Rogers,Jo"]
[Black "Roberts,Dan"]
[Result "1-0"]
[WhiteElo "2329"]
[BlackElo "2067"]
[EventDate "2009.10.24"]

1. e4 e5 2. Nf3 Nc6 3. Bb5 a6 4. Bxc6 dxc6 5. O-O Be7 6. Re1 Bf6 7. c3 c5
8. Na3 Ne7 9. Nc4 Nc6 10. b3 Be6 11. Ba3 b5 12. Ne3 b4 13. cxb4 cxb4 14.
Bb2 O-O 15. Rc1 Nd4 16. Nxd4 exd4 17. Ng4 Bg5 18. Ne5 d3 19. Nc6 Qd6 20.
Be5 Qd7 21. Nxb4 Qb5 22. Nc6 Bd7 23. a4 Qb6 24. Bxc7 Qb7 25. Na5 Qb4 26.
Nc4 Qb7 27. Bg3 Be6 28. f4 Be7 29. f5 Bd7 30. Rc3 Bb4 31. Rxd3 Bc6 32. Qg4
f6 33. Bd6 Rfd8 34. e5 fxe5 35. f6 e4 36. Rg3 g6 37. Qe6+ 1-0

[Event "4NCL 2009-10"]
[Site "Sunningdale ENG"]
[Date "2010.03.27"]
[Round "7"]
[White "Wilson,Ju"]
[Black "Regan,N"]
[Result "0-1"]
[WhiteElo "1890"]
[BlackElo "2170"]
[EventDate "2009.10.24"]

1. d4 Nf6 2. c4 g6 3. Nc3 Bg7 4. e4 O-O 5. Bd3 Nc6 6. Nge2 e5 7. d5 Nd4 8.
O-O c5 9. dxc6 dxc6 10. Ng3 h5 11. Bg5 Qd6 12. Qd2 Nh7 13. Be3 h4 14. Nge2
h3 15. g3 Nf3+ 0-1

[Event "4NCL 2009-10"]
[Site "Sunningdale ENG"]
[Date "2010.03.27"]
[Round "7"]
[White "Greet,A"]
[Black "Hunt,A"]
[Result "1/2-1/2"]
[WhiteElo "2431"]
[BlackElo "2422"]
[EventDate "2009.10.24"]

1. d4 Nf6 2. c4 g6 3. g3 Bg7 4. Bg2 d5 5. cxd5 Nxd5 6. Nf3 O-O 7. O-O Nb6
8. Nc3 Nc6 9. e3 Re8 10. Re1 e5 11. d5 Na5 12. e4 c6 13. b3 cxd5 14. exd5
e4 15. Nxe4 Nxd5 16. Bg5 f6 17. Bd2 Nc6 18. Rc1 Bf5 19. Nc5 Ndb4 20. Rxe8+
Qxe8 21. Nxb7 Bf8 22. Bxb4 Nxb4 23. Nd6 Bxd6 24. Qxd6 Nxa2 25. Ra1 Nc3 26.
Qxf6 Nd5 27. Qd4 Nb6 28. Re1 Qf8 29. Ne5 Rd8 30. Qe3 Re8 31. f4 Qb4 32. Rc1
Qd6 33. Bf3 Be6 34. Rc6 Qe7 35. Qc3 Rc8 36. Rxc8+ Nxc8 37. Nc6 Qd6 38. b4
Bd5 39. Bxd5+ Qxd5 40. Kf2 Qa2+ 41. Kg1 Qb1+ 42. Kg2 Qa2+ 43. Kf3 Nd6 44.
Qd3 Nf7 45. h4 Qa1 46. Ne7+ Kf8 47. Nd5 Qh1+ 48. Ke2 Qg2+ 49. Kd1 Nd6 50.
Qd4 Qf1+ 51. Kc2 Qg2+ 52. Kd1 Qf1+ 53. Kc2 Qg2+ 54. Kb1 Qf1+ 55. Kc2
1/2-1/2

[Event "4NCL 2009-10"]
[Site "Sunningdale ENG"]
[Date "2010.03.27"]
[Round "7"]
[White "Ansell,S"]
[Black "McDonald,N"]
[Result "0-1"]
[WhiteElo "2380"]
[BlackElo "2412"]
[EventDate "2009.10.24"]

1. d4 f5 2. h3 d5 3. g4 fxg4 4. hxg4 Bxg4 5. Qd3 Nf6 6. Bh3 Qd7 7. Bxg4
Qxg4 8. Nf3 Nc6 9. Nc3 O-O-O 10. Rh4 Qd7 11. Bg5 g6 12. O-O-O Bg7 13. Rdh1
Ng4 14. Nd1 h6 15. Rg1 Nxf2 16. Nxf2 hxg5 17. Rxh8 Rxh8 18. c3 e5 19. dxe5
Nxe5 20. Nxe5 Bxe5 21. Qxg6 Bf4+ 22. Kb1 Be3 23. Rh1 Rxh1+ 24. Nxh1 c6 25.
Ng3 d4 26. Nf5 d3 27. Nd6+ Kc7 28. Qxd3 Qxd6 29. Qxe3 Qd1+ 30. Qc1 Qxc1+
31. Kxc1 Kd6 32. Kd2 Ke5 33. Ke3 g4 34. a4 a5 35. Kf2 Kf4 36. Kg2 c5 37.
Kf2 c4 38. Kg2 Ke3 39. Kg3 Kxe2 40. Kxg4 Kd3 0-1

[Event "4NCL 2009-10"]
[Site "Sunningdale ENG"]
[Date "2010.03.27"]
[Round "7"]
[White "Houska,Jo"]
[Black "Bates,Ri"]
[Result "1/2-1/2"]
[WhiteElo "2381"]
[BlackElo "2383"]
[EventDate "2009.10.24"]

1. d4 Nf6 2. Nf3 g6 3. c4 Bg7 4. g3 O-O 5. Bg2 d6 6. O-O Nbd7 7. Nc3 e5 8.
e3 Re8 9. b3 c6 10. a4 exd4 11. exd4 Nf8 12. Ra2 d5 13. Ne5 dxc4 14. bxc4
c5 15. Nf3 cxd4 16. Nxd4 Bg4 17. Qd3 Ne6 18. Be3 Nxd4 19. Qxd4 Be6 20. Qxd8
Raxd8 21. Nd5 1/2-1/2

[Event "4NCL 2009-10"]
[Site "Sunningdale ENG"]
[Date "2010.03.27"]
[Round "7"]
[White "Baker,CW"]
[Black "Tiller,B"]
[Result "0-1"]
[WhiteElo "2357"]
[BlackElo "2378"]
[EventDate "2009.10.24"]

1. e4 c5 2. Nc3 Nc6 3. Nf3 e6 4. g3 d5 5. exd5 exd5 6. Bg2 Nf6 7. d4 Bg4 8.
dxc5 Bxc5 9. O-O O-O 10. h3 Be6 11. Bg5 h6 12. Bxf6 Qxf6 13. Nxd5 Qxb2 14.
c4 Rad8 15. Qc1 Qxc1 16. Raxc1 b6 17. Rfd1 Rd7 18. Rd2 Rfd8 19. Rcd1 Na5
20. Ne5 Rd6 21. Bf3 f6 22. Ne7+ Kf8 23. N5g6+ Kf7 24. Bd5 Nxc4 25. Bxe6+
Kxe6 26. Re1+ Kf7 27. Rc2 b5 28. h4 Rd2 29. Rxd2 Nxd2 30. Kg2 Re8 31. Rd1
Nc4 32. Nf5 Kxg6 33. g4 h5 34. Rd5 Re5 35. gxh5+ Kxf5 0-1

[Event "4NCL 2009-10"]
[Site "Sunningdale ENG"]
[Date "2010.03.27"]
[Round "7"]
[White "Sowray,P"]
[Black "Duncan,C"]
[Result "1-0"]
[WhiteElo "2318"]
[BlackElo "2326"]
[EventDate "2009.10.24"]

1. e4 c5 2. Nf3 d6 3. d4 cxd4 4. Nxd4 Nf6 5. Nc3 g6 6. Be2 Bg7 7. O-O O-O
8. Re1 Nc6 9. Nb3 Be6 10. Bf1 Qc8 11. Bg5 h6 12. Bh4 Nd7 13. Qd2 Nb6 14.
Rad1 Nc4 15. Bxc4 Bxc4 16. Nd5 Re8 17. c3 Bxd5 18. exd5 Ne5 19. Qc2 Qf5 20.
Qxf5 gxf5 21. Nd4 e6 22. Bg3 Ng6 23. Bxd6 Red8 24. Nb5 e5 25. Ba3 Bf8 26.
d6 Rd7 27. c4 b6 28. b4 a5 29. Nc7 Rc8 30. bxa5 bxa5 31. c5 Kg7 32. Bb2 f6
33. Ba3 Kf7 34. Nd5 Rdd8 35. Nb6 Rc6 36. Nc4 a4 37. Na5 Rcc8 38. c6 Ke6 39.
Nb7 Rxc6 1-0

[Event "4NCL 2009-10"]
[Site "Sunningdale ENG"]
[Date "2010.03.27"]
[Round "7"]
[White "Eames,R"]
[Black "Briscoe,C"]
[Result "0-1"]
[WhiteElo "2276"]
[BlackElo "2232"]
[EventDate "2009.10.24"]

1. e4 Nf6 2. e5 Nd5 3. d4 d6 4. Nf3 Bg4 5. Be2 e6 6. O-O Be7 7. h3 Bh5 8.
c4 Nb6 9. Nc3 O-O 10. Be3 N8d7 11. exd6 cxd6 12. b3 Nf6 13. Rc1 Rc8 14. d5
e5 15. Qd2 Bg6 16. Rfd1 Ne8 17. c5 Nd7 18. Nb5 e4 19. Nh2 Nxc5 20. Bxc5
dxc5 21. Ng4 a6 22. Na3 f5 23. Ne3 f4 24. Ng4 f3 25. Bc4 Nd6 26. Nc2 fxg2
27. Nce3 Rf3 28. Ne5 Bh5 29. Nxf3 exf3 30. Nf5 Bg5 31. Qe1 Nxf5 32. Qe6+
Bf7 33. Qxf5 Bxc1 34. Rxc1 b5 35. Bd3 g6 36. Qxf3 Qxd5 37. Be4 Qg5 38. Rd1
c4 39. Rd7 Be6 40. Bd5 Bxd5 41. Rxd5 Qe7 42. Qd1 c3 43. Rd7 Qe5 44. h4 c2
45. Rd8+ Rxd8 46. Qxd8+ Kf7 47. Qd7+ Qe7 48. Qd5+ Qe6 49. Qf3+ Qf5 50. Qb7+
Kg8 51. Qb8+ Kg7 52. Qc7+ Kh6 53. Qc3 Kh5 54. a3 Qe4 55. f3 Qxh4 56. Qc5+
Kh6 57. Qf8+ Kh5 58. Qc5+ Qg5 59. Qxc2 Kh4 60. Qe4+ Kg3 61. Qe1+ Kh3 0-1

[Event "4NCL 2009-10"]
[Site "Sunningdale ENG"]
[Date "2010.03.27"]
[Round "7"]
[White "McFarland,R"]
[Black "Ledger,D"]
[Result "1/2-1/2"]
[WhiteElo "2215"]
[BlackElo "2245"]
[EventDate "2009.10.24"]

1. Nf3 Nf6 2. g3 g6 3. b3 Bg7 4. Bb2 O-O 5. Bg2 d6 6. d4 e5 7. dxe5 Ng4 8.
h3 Nxe5 9. Nxe5 dxe5 10. Qxd8 Rxd8 11. Nd2 Nc6 12. O-O-O f5 13. Nc4 1/2-1/2

[Event "4NCL 2009-10"]
[Site "Sunningdale ENG"]
[Date "2010.03.27"]
[Round "7"]
[White "Yurenok,M"]
[Black "Hegarty,S"]
[Result "1-0"]
[WhiteElo "1981"]
[BlackElo "2096"]
[EventDate "2009.10.24"]

1. d4 Nf6 2. c4 g6 3. Nc3 d5 4. Nf3 Bg7 5. Qb3 dxc4 6. Qxc4 O-O 7. e4 c6 8.
Qb3 Qb6 9. Bc4 Qxb3 10. Bxb3 Bg4 11. Bg5 h6 12. Bf4 Bxf3 13. gxf3 Nh5 14.
Be3 Kh7 15. f4 Nf6 16. h3 e6 17. O-O Nbd7 18. e5 Nd5 19. Ne4 f6 20. Nd6
fxe5 21. fxe5 Rab8 22. Bxd5 cxd5 23. Rac1 Rfd8 24. Rc7 Nf8 25. Rfc1 a6 26.
Rxb7 Rxb7 27. Nxb7 Rd7 28. Nc5 Ra7 29. Rc3 Kg8 30. Ra3 Kf7 31. Rxa6 Rc7 32.
b4 Re7 33. Rd6 1-0

[Event "4NCL 2009-10"]
[Site "Sunningdale ENG"]
[Date "2010.03.28"]
[Round "8"]
[White "Houska,Jo"]
[Black "Gordon,S"]
[Result "1/2-1/2"]
[WhiteElo "2381"]
[BlackElo "2535"]
[EventDate "2009.10.24"]

1. d4 Nf6 2. Nf3 d5 3. c4 e6 4. e3 a6 5. b3 c5 6. Bd3 Nc6 7. Bb2 cxd4 8.
exd4 Be7 9. O-O O-O 10. Nc3 Re8 11. Re1 g6 12. cxd5 Nxd5 13. Nxd5 exd5 14.
Ne5 Be6 1/2-1/2

[Event "4NCL 2009-10"]
[Site "Sunningdale ENG"]
[Date "2010.03.28"]
[Round "8"]
[White "Cramling,P"]
[Black "Sowray,P"]
[Result "1/2-1/2"]
[WhiteElo "2525"]
[BlackElo "2318"]
[EventDate "2009.10.24"]

1. d4 Nf6 2. Nf3 e6 3. c4 b6 4. a3 Ba6 5. Qb3 Be7 6. Bg5 O-O 7. Nc3 c5 8.
e3 cxd4 9. exd4 Nc6 10. Qa4 Bb7 11. Bd3 h6 12. h4 d5 13. Bxf6 Bxf6 14. cxd5
Na5 15. O-O-O Bxd5 16. Nxd5 Qxd5 17. Kb1 Rac8 18. Rhe1 Rfd8 19. Re3 Kf8 20.
Qb4+ Qd6 21. Ba6 Rc7 22. Rc3 Rxc3 23. bxc3 Nc6 24. Qxd6+ Rxd6 25. Bb5 Ne5
26. Nd2 Ng4 27. Ne4 Rd5 28. Be2 Bxh4 29. Bxg4 f5 30. g3 Be7 31. Bh3 fxe4
32. Bxe6 Rb5+ 33. Ka2 Ra5 34. Re1 Bxa3 35. Rxe4 Bd6+ 36. Kb3 b5 37. Bg4 Ra1
38. Bh5 Be7 39. Rf4+ Kg8 40. Rf7 Re1 41. Rf5 a6 42. Bg6 Bd6 43. c4 bxc4+
44. Kxc4 Rb1 45. Rf3 Rb6 46. Re3 Bf8 47. Be4 Kf7 48. Bd5+ Kg6 49. Re8 Bb4
50. f4 Kf5 51. Bf3 a5 52. Re5+ Kf6 53. g4 Rd6 54. Bd5 Rd7 55. Re6+ Kf7 56.
g5 hxg5 57. fxg5 Kf8 58. Ra6 Rd6 59. Ra8+ Ke7 60. Be4 Rd8 61. Ra7+ Rd7 62.
Ra6 Rd6 63. Ra7+ Rd7 1/2-1/2

[Event "4NCL 2009-10"]
[Site "Sunningdale ENG"]
[Date "2010.03.28"]
[Round "8"]
[White "Lindner,D"]
[Black "Tissir,M"]
[Result "0-1"]
[WhiteElo "2244"]
[BlackElo "2466"]
[EventDate "2009.10.24"]

1. c4 e5 2. g3 Nf6 3. Bg2 Bc5 4. Nc3 Nc6 5. Nf3 d6 6. d3 h6 7. O-O a6 8. a3
O-O 9. b4 Ba7 10. Bb2 Be6 11. Rc1 Qd7 12. e3 Rfe8 13. Re1 Rad8 14. Qc2 Re7
15. e4 Nd4 16. Nxd4 Bxd4 17. Nd5 Bxd5 18. exd5 Rde8 19. Bxd4 exd4 20. Qd2
Qf5 21. Bf1 Nd7 22. Rxe7 Rxe7 23. Re1 Ne5 24. Bg2 Kf8 25. Re4 Nxc4 26. Qe2
Ne5 27. f4 Ng6 28. Qb2 Qg4 29. Qxd4 Qd1+ 30. Bf1 Rxe4 31. Qxe4 Qc1 32. Qf5
Qe3+ 33. Kg2 Ne7 34. Qe4 Qd2+ 35. Kg1 b5 36. a4 g6 37. axb5 axb5 38. Bh3
Qa2 39. Bg2 Nf5 40. Bh3 Ne7 41. Bg2 Qa1+ 42. Kf2 Nf5 43. Bh3 Qb2+ 44. Kg1
Nd4 45. f5 gxf5 46. Bxf5 Qxb4 47. Bg4 Qb1+ 48. Kg2 Qb2+ 49. Kh3 Qf2 50. Qh7
Qf1+ 51. Kh4 Qf6+ 52. Kh3 b4 0-1

[Event "4NCL 2009-10"]
[Site "Sunningdale ENG"]
[Date "2010.03.28"]
[Round "8"]
[White "Arakhamia-Grant,K"]
[Black "Lee,GD"]
[Result "1-0"]
[WhiteElo "2499"]
[BlackElo "2264"]
[EventDate "2009.10.24"]

1. e4 c6 2. d4 d5 3. e5 Bf5 4. Nf3 e6 5. Be2 Bg4 6. Nbd2 Nd7 7. h3 Bh5 8.
O-O Ne7 9. c3 Rc8 10. Re1 a6 11. b4 Bg6 12. Nh4 Nf5 13. Nxg6 hxg6 14. Nf3
Be7 15. Qd2 Ra8 16. a4 b5 17. a5 Nf8 18. Bf1 Kd7 19. g3 Kc7 20. Bg2 Nh7 21.
h4 Nf8 22. Qf4 Kb7 23. g4 Nxh4 24. Qxf7 Nxf3+ 25. Bxf3 Qe8 26. Qxe8 Rxe8
27. Be2 g5 28. Bd3 Rh6 29. Kg2 Ng6 30. Bxg6 Rxg6 31. Rh1 Kc7 32. Bd2 Kd7
33. Rh5 Rf8 34. Rah1 Ke8 35. Kg3 Kf7 36. f4 gxf4+ 37. Bxf4 Kg8 38. Rh8+ Kf7
39. Rxf8+ Bxf8 40. Rh8 Ke8 41. g5 1-0

[Event "4NCL 2009-10"]
[Site "Sunningdale ENG"]
[Date "2010.03.28"]
[Round "8"]
[White "Briscoe,C"]
[Black "Bellon Lopez,JuM"]
[Result "1-0"]
[WhiteElo "2232"]
[BlackElo "2435"]
[EventDate "2009.10.24"]

1. d4 d5 2. c4 c6 3. Nf3 dxc4 4. a4 Nf6 5. Nc3 a5 6. e4 Bg4 7. Bxc4 Bxf3 8.
gxf3 e6 9. Rg1 Qc7 10. f4 g6 11. Qf3 Nbd7 12. Be3 Bb4 13. Kf1 Be7 14. Rc1
Nb6 15. Bb3 Qd8 16. h4 Nbd7 17. Ba2 Rc8 18. f5 exf5 19. exf5 Nb6 20. h5
gxh5 21. Rg7 Nbd5 22. Nxd5 cxd5 23. Rxc8 Qxc8 24. Bxd5 Rf8 25. Bxb7 Qc4+
26. Kg2 Kd7 27. b3 Qc7 28. Ba6 Qb8 29. Bb5+ Kd8 30. Bf4 Qc8 31. Be5 h4 32.
Kh3 h5 33. Bc6 Qa6 34. Bxf6 Bxf6 35. Qd5+ Kc8 36. Qd7+ Kb8 37. Qd6+ Kc8 38.
Qxf8+ 1-0

[Event "4NCL 2009-10"]
[Site "Sunningdale ENG"]
[Date "2010.03.28"]
[Round "8"]
[White "McDonald,N"]
[Black "McFarland,R"]
[Result "1-0"]
[WhiteElo "2412"]
[BlackElo "2215"]
[EventDate "2009.10.24"]

1. e4 g6 2. d4 Bg7 3. Nc3 d6 4. Be3 a6 5. a4 Nd7 6. Nf3 b6 7. Bd3 Bb7 8.
O-O Ngf6 9. Qd2 e5 10. d5 h6 11. h3 Nc5 12. a5 Nxd3 13. cxd3 b5 14. Rfc1 c5
15. dxc6 Bxc6 16. Na2 Bb7 17. Bb6 1-0